| 000 | 00432nam a2200193Ia 4500 | ||
|---|---|---|---|
| 003 | OSt | ||
| 005 | 20251110114715.0 | ||
| 008 | 250729s2003 xx 000 0 und d | ||
| 020 | _a 9788178623764 | ||
| 040 | _cAL | ||
| 041 | _aeng | ||
| 082 | _a500 MALM | ||
| 100 |
_aMalhotra Vandana _9224087 |
||
| 245 | _aMichael taraday | ||
| 260 |
_aNew Delhi _c2003 |
||
| 300 | _a48p | ||
| 650 |
_aScience _9224088 |
||
| 942 |
_2ddc _cBED |
||
| 999 |
_c236237 _d236237 |
||